United States Army Ranks - Statistics

General Stats
  • This quiz has been taken 142 times
  • The average score is 18 of 27
Answer Stats
Paygrade Rank % Correct
E5 Sergeant
93%
E1/E2 Private
92%
E3 Private First Class
87%
E4 Corporal
84%
O10 General
78%
E6 Staff Sergeant
78%
O3 Captain
76%
O4 Major
75%
E9 Sergeant Major
75%
O6 Colonel
74%
E7 Sergeant First Class
73%
E4 Specialist
73%
E8 Master Sergeant
70%
E8 First Sergeant
69%
O2 First Lieutenant
65%
O1 Second Lieutenant
65%
O5 Lieutenant Colonel
63%
E9 Sergeant Major Of The Army
62%
W1 Warrant Officer 1
60%
O7 Brigadier General
58%
E9 Command Sergeant Major
58%
O8 Major General
58%
O9 Lieutenant General
56%
W2 Chief Warrant Officer 2
51%
W4 Chief Warrant Officer 4
48%
W3 Chief Warrant Officer 3
47%
W5 Chief Warrant Officer 5
47%
No matching quizzes found
Score Distribution
Percent of People with Each Score
Percentile by Number Answered
Your Score History
You have not taken this quiz